00971cam a2200181 a 4500020004200000041000800042082001600050100002200066245011000088260005100198300001800249505026900267650003900536942000700575952009500582952009500677999001700772 a9781602583283 (hardback : alk. paper) aENG00a227.06bBAT1 aBates, Matthew W.14aThe hermeneutics of the apostolic proclamation : The Center of Paul's Method of Scriptural Interpretation aWaco, Tex. :bBaylor University Press,cc2012. avii, 400 p. ;0 aToward the center of Pauline hermeneutics -- Paul and the hermeneutics of the apostolic kerygma -- Figuration and the divine economy -- Introducing prosopological exegesis -- Prosopological exegesis in Paul's letters -- The implications of kerygmatic hermeneutics. aBible - Epistles of PaulaTheology cBK 00104070aHMIbHMIcGENd2018-11-23l0o227.06 BATp11003929r2026-01-16w2026-01-16yBK 00104070aHMIbHMIcGENd2018-11-23l0o227.06 BATp11003930r2026-01-16w2026-01-16yBK c22545d22545